Faculty of Law Library — Cairo University

Official Online Catalog

Basic Documents supplement to International Law : (Record no. 63235)

MARC details
000 -LEADER
fixed length control field 01126nam a2200349 i 4500
003 - CONTROL NUMBER IDENTIFIER
control field EG-GICUC
005 - DATE AND TIME OF LATEST TRANSACTION
control field 20260217105204.0
008 - FIXED-LENGTH DATA ELEMENTS--GENERAL INFORMATION
fixed length control field 260217s1987 us ||||fr ||| 00| 0 eng d
040 ## - CATALOGING SOURCE
Original cataloging agency EG-GICUC
Transcribing agency EG-GICUC
Modifying agency EG-GICUC
Description conventions rda
Language of cataloging eng
041 0# - LANGUAGE CODE
Language code of text/sound track or separate title eng
082 04 - DEWEY DECIMAL CLASSIFICATION NUMBER
Edition number 21
Classification number 341
Item number
092 04 - LOCALLY ASSIGNED DEWEY CALL NUMBER (OCLC)
Edition number 21
099 ## - LOCAL FREE-TEXT CALL NUMBER (OCLC)
Classification number Law 11 1987
245 12 - TITLE STATEMENT
Title Basic Documents supplement to International Law :
Remainder of title Cases And Materales /
Statement of responsibility, etc. Louis Henkin... [et-al.]
250 ## - EDITION STATEMENT
Edition statement 2 edition.
264 #0 - PRODUCTION, PUBLICATION, DISTRIBUTION, MANUFACTURE, AND COPYRIGHT NOTICE
Place of production, publication, distribution, manufacture ST. Paul, Minn,
Date of production, publication, distribution, manufacture, or copyright notice West Publishing Company,
Name of producer, publisher, distributor, manufacturer 1987.
300 ## - PHYSICAL DESCRIPTION
Extent xii, 677 Pages;
Dimensions 30 cm.
Other physical details illustrations,
336 ## - CONTENT TYPE
Content type term text
Source rda content
337 ## - MEDIA TYPE
Media type term Computer
Source rda media
338 ## - CARRIER TYPE
Carrier type term Online Resource
Source rda carrier
504 ## - BIBLIOGRAPHY, ETC. NOTE
Bibliography, etc. note Bibliography: pages 200-250.
546 ## - LANGUAGE NOTE
Language note Text in English
650 04 - SUBJECT ADDED ENTRY--TOPICAL TERM
Topical term or geographic name entry element Public international law
Source of heading or term qrmak
651 1# - SUBJECT ADDED ENTRY--GEOGRAPHIC NAME
Source of heading or term qrmak
700 1# - ADDED ENTRY--PERSONAL NAME
Personal name C. Pugh, Richard,
Relator term Author.
700 1# - ADDED ENTRY--PERSONAL NAME
Personal name Henkin, Louis,
Relator term Author.
700 1# - ADDED ENTRY--PERSONAL NAME
Personal name Schachter, Oscar,
Relator term Author.
700 1# - ADDED ENTRY--PERSONAL NAME
Personal name Smit, Hans,
Relator term Author.
856 ## - ELECTRONIC LOCATION AND ACCESS
Uniform Resource Identifier <a href="https://fll.law.cu.edu.eg/fulltext/th/ENGB11-00143.pdf">https://fll.law.cu.edu.eg/fulltext/th/ENGB11-00143.pdf</a>
905 ## - Cataloger and Reviser Names
Cataloger Name: Hend El khosy
942 ## - ADDED ENTRY ELEMENTS (KOHA)
Source of classification or shelving scheme Dewey Decimal Classification
Koha item type Books
Edition 21
Suppress in OPAC No
Holdings
Withdrawn status Lost status Source of classification or shelving scheme Damaged status Not for loan Collection Home library Current library Date acquired Total checkouts Full call number Barcode Date last seen Copy number Price effective from Koha item type Public note
    Dewey Decimal Classification     القانون الدولي العام جــــامعة القــاهرة مكتبة كلية الحقوق - فـرع الشيخ زايد 17.02.2026   Law2 11 341 BA 2 ed - 1987 1100143 C1 ENGB11-00143 17.02.2026 1 17.02.2026 Books 1071

© All rights reserved — Faculty of Law, Cairo University